00688 2200241 4500001002100000005001700021008004100038020001800079035002400097040001200121090001300133245008900146250001000235260004100245300002600286504003100312650001500343700001700358700001900375850001200394990002000406990002000426YOGYA-0209000000272820090227020548.0 ind  a979-9246-65-2 0010-020900000002728 aYOPDYOG a370bRef aREFORMASI pendidikan dalam konteks otonomi daerahceditor Fasli Jalal, Dedi Supriadi aEd. 1 aYogyakartabAdicita Karya Nusac2001 axiv, 445bilusc23 cm aBibliografi : hlm. 439-445 aPendidikan aJalal, Fasli aSupriadi, Dedi aYOPDYOG a3357-PD/B.04b1 a3358-PD/B.04b1